Most blocked shots career since 2005 - Statistics

General Stats
  • This quiz has been taken 4 times
  • The average score is 19 of 31
Answer Stats
Team Shots blocked Players % Correct
STL, VGK 2095 Alex Pietrangelo
100%
MIN, SJS, CAR 1827 Brent Burns
100%
CHI 1998 Brent Seabrook
100%
CHI, EDM 2010 Duncan Keith
100%
WSH 2097 John Carlson
100%
SJS, MTL, BUF 1671 Josh Gorges
100%
PIT 1755 Kris Letang
100%
SJS 2184 Marc-Edouard Vlasic
100%
CGY, SEA, TOR 2164 Mark Giordano
100%
NSH 1814 Roman Josi
100%
NYR, TBL, NSH 2011 Ryan McDonagh
100%
TBL 1746 Victor Hedman
100%
VAN, LAK 1936 Alexander Edler
67%
PIT, WSH 1792 Brooks Orpik
67%
VAN, CGY, DAL, TOR 1841 Chris Tanev
67%
NYR, TBL 1954 Dan Girardi
67%
WPG, NYR, ANA 1794 Jacob Trouba
67%
NSH, MIN, DAL, STL 2043 Ryan Suter
67%
NSH, MTL 1691 Shea Weber
67%
OTT, BOS, WSH, NYI 1752 Zdeno Chara
67%
LAK, VGK, CHI 1884 Alec Martinez
33%
STL, COL, BUF, PHI 1717 Erik Johnson
33%
LAK, CBJ, PIT, NYR, COL, CHI 1839 Jack Johnson
33%
CBJ, STL, CGY, DAL, EDM 2044 Kris Russell
33%
PIT, DAL, ARI, MIN 1778 Alex Goligoski
0%
NJD, NYI 1999 Andy Greene
0%
CBJ, ANA, TOR, COL 1682 Francois Beauchemin
0%
STL, PIT, CBJ, COL, MIN, CAR, TBL, VAN, UTA 1683 Ian Cole
0%
CBJ, ATL, WPG, CAR, PIT, TOR, OTT 1933 Ron Hainsey
0%
NYI, CGY, VAN, OTT 1768 Travis Hamonic
0%
PHX, PIT, ARI, STL 1719 Zbynek Michalek
0%
No matching quizzes found
Score Distribution
Percent of People with Each Score
Percentile by Number Answered
Your Score History
You have not taken this quiz